000 00334nam a2200145Ia 4500
005 20250404025243.0
008 240331s9999 xx 000 0 und d
082 _bSOM
_a894
100 _aSomu, E
245 0 _aVidivelli poothththu
260 _aJaffna
_bVarathar Veliyidu
_c1989
300 _a146 p .,
650 _aNaval
942 _cL
999 _c3799
_d3799